NLSUI OPAC header image

Promoting child friendly and child centred disaster risk reduction in Sri Lanka (Record no. 33262)

MARC details
000 -LEADER
fixed length control field 00437nam a2200157Ia 4500
008 - FIXED-LENGTH DATA ELEMENTS--GENERAL INFORMATION
fixed length control field 160316s2006 xxu||||| |||| 00| 0 eng d
082 ## - DEWEY DECIMAL CLASSIFICATION NUMBER
Classification number 362.700000
Item number SAV
100 ## - MAIN ENTRY--PERSONAL NAME
Personal name
245 ## - TITLE STATEMENT
Title Promoting child friendly and child centred disaster risk reduction in Sri Lanka
250 ## - EDITION STATEMENT
Edition statement
260 ## - PUBLICATION, DISTRIBUTION, ETC.
Place of publication, distribution, etc. Sri Lanka
Name of publisher, distributor, etc. Save the children
Date of publication, distribution, etc. 2006
300 ## - PHYSICAL DESCRIPTION
Extent 26
Other physical details
Dimensions
365 ## - TRADE PRICE
Price amount
650 ## - SUBJECT ADDED ENTRY--TOPICAL TERM
Topical term or geographic name entry element 1. child promoting <br/>2. risk reduction
700 ## - ADDED ENTRY--PERSONAL NAME
Personal name
--
Holdings
Withdrawn status Lost status Damaged status Not for loan Home library Current library Shelving location Date acquired Total Checkouts Full call number Barcode Date last seen Price effective from Koha item type
        NLS NLS   30/05/2017   362.7 SAV REP10544 30/05/2017 30/05/2017 Repository